000 00287nam a2200121Ia 4500
008 190216s9999||||xx |||||||||||||| ||und||
100 _aSastry S S
245 0 _aEngineering Mathematics
260 _bPentice Hall Of India
_c1986
300 _a462p
650 _aMathematics
942 _cBK
999 _c30969
_d30969